Т. 1: Механика, молекулярная физика и термодинамика; Курс физики

Bibliografiske detaljer
Parent link:Курс физики: учебное пособие/ Н. В. Кашин. Т. 1: Механика, молекулярная физика и термодинамика.— , 1960-
Andre forfattere: Суворов Н. П. (редактор)
Summary:На обл. вых дан. 1961 г.
Sprog:russisk
Udgivet: 1960
Udgivelse:4-е изд.
Fag:
Format: MixedMaterials Bog
KOHA link:https://koha.lib.tpu.ru/cgi-bin/koha/opac-detail.pl?biblionumber=256960

MARC

LEADER 00000nam0a2200000 4500
001 256960
005 20231101233148.0
035 |a (RuTPU)RU\TPU\book\279716 
035 |a RU\TPU\book\280286 
035 |a RU\TPU\book\279716 
090 |a 256960 
100 |a 20140417d1960 m y0rusy50 ca 
101 0 |a rus 
102 |a RU 
105 |a a j 001zy 
200 0 |a Т. 1: Механика, молекулярная физика и термодинамика  |f под ред. Н. П. Суворова 
205 |a 4-е изд. 
210 |d 1960 
215 |a 463 с.  |c ил. 
300 |a На обл. вых дан. 1961 г. 
320 |a Предм. указ.: с. 447-454. 
320 |a Указатель имен: с. 455-462. 
461 |t Курс физики  |o учебное пособие  |o [в 3 т.]  |f Н. В. Кашин  |v Т. 1: Механика, молекулярная физика и термодинамика  |d 1960-  
606 1 |a Физика  |2 stltpush  |3 (RuTPU)RU\TPU\subj\63709  |9 80688 
610 1 |a механика 
610 1 |a молекулярная физика 
610 1 |a термодинамика 
610 1 |a кинематика 
610 1 |a динамика 
610 1 |a законы сохранения 
610 1 |a твердое тело 
610 1 |a упругость 
610 1 |a трение 
610 1 |a всемирное тяготение 
610 1 |a частицы 
610 1 |a жидкости 
610 1 |a газы 
610 1 |a идеальные газы 
610 1 |a явления переноса 
610 1 |a жидкости 
610 1 |a учебные пособия 
610 1 |a фазовое равновесие 
610 1 |a тепловые машины 
610 1 |a холодильные машины 
675 |a 53(075.8)  |v 3 
702 1 |a Суворов  |b Н. П.  |4 340 
801 1 |a RU  |b 63413507  |c 20140412 
801 2 |a RU  |b 63413507  |c 20210603  |g RCR 
942 |c BK